[Event "Titled Tuesday intern op 19th Sep Early"]
[Site "Chess.com INT"]
[Date "2023.09.19"]
[Round "2"]
[White "Monteiro, Luis Felipe Furtado"]
[Black "Nagare, Kaivalya Sandip"]
[Result "0-1"]
[WhiteElo "2029"]
[BlackElo "2095"]
[PlyCount "50"]
[EventDate "2023.09.19"]
[EventType "swiss (blitz)"]
[EventRounds "11"]
[EventCountry "USA"]
[SourceTitle "EXT 2024"]
[Source "ChessBase"]
[SourceDate "2023.10.10"]
[SourceVersion "1"]
[SourceVersionDate "2023.10.10"]
[SourceQuality "1"]

1. e4 c5 2. Nf3 d6 3. d4 cxd4 4. Nxd4 Nf6 5. Nc3 a6 6. Be2 e5 7. Nb3 Be6 8. Be3 Nbd7 9. 0-0 Be7 10. f4 Rc8 11. f5 Bc4 12. g4 h5 13. g5 Ng4 14. Bxg4 Bxf1 15. f6 gxf6 16. Bxd7+ Qxd7 17. Qxf1 fxg5 18. Qg2 h4 19. Rd1 h3 20. Qg3 Rh4 21. Nc5 Rxc5 22. Bxc5 Rg4 23. Rxd6 Rxg3+ 24. hxg3 Bxd6 25. Bxd6 Qxd6 0-1

[Event "Titled Tuesday intern op 19th Sep Early"]
[Site "Chess.com INT"]
[Date "2023.09.19"]
[Round "6"]
[White "Monteiro, Luis Felipe Furtado"]
[Black "Vedder, Richard"]
[Result "1-0"]
[WhiteElo "2029"]
[BlackElo "2260"]
[PlyCount "35"]
[EventDate "2023.09.19"]
[EventType "swiss (blitz)"]
[EventRounds "11"]
[EventCountry "USA"]
[SourceTitle "EXT 2024"]
[Source "ChessBase"]
[SourceDate "2023.10.10"]
[SourceVersion "1"]
[SourceVersionDate "2023.10.10"]
[SourceQuality "1"]

1. e4 e5 2. Nf3 Nc6 3. Bb5 a6 4. Ba4 Nf6 5. 0-0 Nxe4 6. d4 b5 7. Bb3 d5 8. dxe5 Be6 9. c3 Bc5 10. Nbd2 0-0 11. Qe2 Nxd2 12. Nxd2 d4 13. Ne4 Bb6 14. Bxe6 fxe6 15. Qg4 Rf5 16. Ng3 Nxe5 17. Qe4 Qf6 18. Qxa8+ 1-0

[Event "Titled Tuesday intern op 12th Sep Early"]
[Site "Chess.com INT"]
[Date "2023.09.12"]
[Round "3"]
[White "Monteiro, Luis Felipe Furtado"]
[Black "Ostensen, Nicolai Maxime"]
[Result "0-1"]
[WhiteElo "2029"]
[BlackElo "2216"]
[PlyCount "96"]
[EventDate "2023.09.12"]
[EventType "swiss (blitz)"]
[EventRounds "11"]
[EventCountry "USA"]
[SourceTitle "EXT 2024"]
[Source "ChessBase"]
[SourceDate "2023.10.10"]
[SourceVersion "1"]
[SourceVersionDate "2023.10.10"]
[SourceQuality "1"]

1. e4 c5 2. Nf3 Nc6 3. Bb5 Nf6 4. Bxc6 dxc6 5. d3 g6 6. 0-0 Bg7 7. Nbd2 0-0 8. h3 Qc7 9. Rb1 e5 10. b3 h6 11. Bb2 Nd7 12. Nc4 b6 13. Qe2 Ba6 14. Ne3 Rae8 15. Nh2 Kh7 16. Qg4 Nf6 17. Qg3 Nh5 18. Qh4 Bc8 19. Nhg4 Nf4 20. Nf6+ Bxf6 21. Qxf6 Re6 22. Qh4 g5 23. Qg4 Rg6 24. Nf5 h5 25. Qf3 g4 26. hxg4 Rxg4 27. g3 Bxf5 28. exf5 Rfg8 29. Kh2 Nd5 30. f6 h4 31. Qf5+ R8g6 32. Bxe5 hxg3+ 33. fxg3 Qd8 34. Rh1 Kg8 35. Kh3 Rh6+ 36. Kxg4 Ne3+ 37. Kf4 Nxf5 38. Kxf5 Qd7+ 39. Kf4 Rg6 40. Rh4 Kf8 41. Rbh1 Rg8 42. g4 Qd5 43. Rh8 Qg2 44. g5 Qf2+ 45. Ke4 Qg2+ 46. Kf5 Qxg5+ 47. Ke4 Qg4+ 48. Bf4 Ke8 0-1

[Event "BRA-ch 88th"]
[Site "Recife"]
[Date "2022.12.23"]
[Round "11"]
[White "Monteiro, Luis Felipe Furtado"]
[Black "Goldenbrain, Luiz Glaudivan Silv"]
[Result "1-0"]
[WhiteElo "1986"]
[BlackElo "1600"]
[PlyCount "94"]
[EventDate "2022.12.15"]
[EventType "swiss"]
[EventRounds "11"]
[EventCountry "BRA"]
[SourceTitle "CBM 212 Extra"]
[Source "ChessBase"]
[SourceDate "2023.03.31"]
[SourceVersion "1"]
[SourceVersionDate "2023.03.31"]
[SourceQuality "1"]

1. e4 d5 2. exd5 Nf6 3. Nc3 Nxd5 4. Nxd5 Qxd5 5. Ne2 Bg4 6. f3 Bh5 7. Nc3 Qe6+ 8. Qe2 Qxe2+ 9. Bxe2 e5 10. d4 exd4 11. Nb5 Bb4+ 12. Kf1 Ba5 13. Bf4 Na6 14. Nxd4 Bg6 15. c3 Bb6 16. Bb5+ c6 17. Nxc6 0-0 18. Ne7+ Kh8 19. Nxg6+ fxg6 20. Bxa6 Rxf4 21. Bxb7 Rd8 22. Ke2 Rf7 23. Be4 h5 24. Bxg6 Rf6 25. Be4 Re8 26. Rhc1 g5 27. h3 Bc7 28. b4 Be5 29. Rab1 Ra6 30. Rc2 g4 31. hxg4 hxg4 32. Rh1+ Kg8 33. c4 Ra3 34. Rb1 gxf3+ 35. gxf3 Ra6 36. c5 Re7 37. b5 Rh6 38. c6 Bc7 39. Rd1 Rh2+ 40. Kd3 Rh6 41. Kc4 a6 42. a4 Bd6 43. b6 Kg7 44. Rg2+ Kf7 45. Bg6+ Rxg6 46. Rxg6 Bc7 47. bxc7 Rxc7 1-0

[Event "BRA-ch 88th"]
[Site "Recife"]
[Date "2022.12.22"]
[Round "10"]
[White "Romais, Rodrigo"]
[Black "Monteiro, Luis Felipe Furtado"]
[Result "0-1"]
[WhiteElo "1523"]
[BlackElo "1986"]
[PlyCount "70"]
[EventDate "2022.12.15"]
[EventType "swiss"]
[EventRounds "11"]
[EventCountry "BRA"]
[SourceTitle "CBM 212 Extra"]
[Source "ChessBase"]
[SourceDate "2023.03.31"]
[SourceVersion "1"]
[SourceVersionDate "2023.03.31"]
[SourceQuality "1"]

1. e4 c5 2. Nf3 d6 3. d4 cxd4 4. Nxd4 Nf6 5. Nc3 a6 6. Bd3 e5 7. Nb3 Be7 8. Bg5 Be6 9. 0-0 Nbd7 10. f4 exf4 11. Bxf4 Ne5 12. Kh1 0-0 13. Qe1 b5 14. Qg3 Nh5 15. Qe1 Bh4 16. Qe2 Nxf4 17. Rxf4 Bg5 18. Rf2 Bg4 19. Qf1 Be3 20. Nd5 Bxf2 21. Qxf2 Be6 22. Ne3 Nxd3 23. cxd3 f5 24. exf5 Qf6 25. Qg3 Bxf5 26. Rf1 Qg6 27. Qf3 Bxd3 28. Qd1 Kh8 29. Rg1 Be4 30. Qd4 Rf4 31. Qc3 Raf8 32. Nd2 Ba8 33. h3 b4 34. Qc7 Qg3 35. Qe7 Qxh3# 0-1

[Event "BRA-ch 88th"]
[Site "Recife"]
[Date "2022.12.21"]
[Round "9"]
[White "Moura, Eduardo Henrique B"]
[Black "Monteiro, Luis Felipe Furtado"]
[Result "1-0"]
[WhiteElo "2098"]
[BlackElo "1986"]
[PlyCount "119"]
[EventDate "2022.12.15"]
[EventType "swiss"]
[EventRounds "11"]
[EventCountry "BRA"]
[SourceTitle "CBM 212 Extra"]
[Source "ChessBase"]
[SourceDate "2023.03.31"]
[SourceVersion "1"]
[SourceVersionDate "2023.03.31"]
[SourceQuality "1"]

1. e4 e5 2. Nf3 Nc6 3. Nc3 Nf6 4. d4 exd4 5. Nxd4 Bb4 6. Nxc6 bxc6 7. Bd3 d5 8. exd5 cxd5 9. 0-0 0-0 10. Bg5 Bxc3 11. bxc3 Qd6 12. Re1 Bg4 13. Qd2 Rfe8 14. f3 Bd7 15. Qf2 a6 16. Qh4 h6 17. Bxf6 Qxf6 18. Qxf6 gxf6 19. Rxe8+ Bxe8 20. Rb1 Bc6 21. Kf2 Kf8 22. Ke3 Ke7 23. Rb4 a5 24. Rh4 Rh8 25. Kd4 Kd6 26. c4 dxc4 27. Bxc4 Rh7 28. Rh5 Rg7 29. Rxh6 Rxg2 30. Rxf6+ Kd7 31. Rxf7+ Kc8 32. Bd3 Rxh2 33. f4 Rf2 34. Ke3 Rf3+ 35. Kd4 Rf2 36. Ke5 Ba4 37. Rf8+ Kd7 38. Ra8 Bxc2 39. Bxc2 Rxc2 40. Rxa5 Ke7 41. a4 Re2+ 42. Kf5 Ra2 43. Ra7 Ke8 44. Kf6 Ra3 45. f5 c5 46. Rc7 Rxa4 47. Rc8+ Kd7 48. Rxc5 Ke8 49. Rc8+ Kd7 50. Rf8 Rg4 51. Kf7 Rf4 52. f6 Rg4 53. Rg8 Rf4 54. Rg1 Rf2 55. Ra1 Kc7 56. Ke7 Re2+ 57. Kf8 Rf2 58. f7 Rf3 59. Rg1 Kd7 60. Kg7 1-0

[Event "Teresina Nordeste Cup"]
[Site "Teresina"]
[Date "2022.07.24"]
[Round "6"]
[White "Monteiro, Luis Felipe Furtado"]
[Black "Sousa, Antonielson do Vale"]
[Result "1/2-1/2"]
[WhiteElo "1975"]
[BlackElo "1810"]
[PlyCount "76"]
[EventDate "2022.07.22"]
[EventType "swiss"]
[EventRounds "6"]
[EventCountry "BRA"]
[SourceTitle "CBM 209 Extra"]
[Source "ChessBase"]
[SourceDate "2022.09.30"]
[SourceVersion "1"]
[SourceVersionDate "2022.09.30"]
[SourceQuality "1"]

1. e4 e5 2. Nf3 Nc6 3. Bb5 a6 4. Ba4 d6 5. d4 b5 6. Bb3 Nxd4 7. Nxd4 exd4 8. Bd5 Rb8 9. Qxd4 Nf6 10. 0-0 Be7 11. Bc6+ Bd7 12. Bxd7+ Qxd7 13. Nc3 0-0 14. Rd1 b4 15. Ne2 Qc6 16. Ng3 Rfe8 17. Nf5 Bf8 18. f3 d5 19. exd5 Qxc2 20. Ne3 Qc5 21. Qd3 Rbd8 22. Kf1 c6 23. Qxa6 Rxe3 24. Bxe3 Qxe3 25. dxc6 Nd5 26. Qa5 Nf4 27. Qb5 Rd2 28. Rxd2 Qxd2 29. c7 Qxg2+ 30. Ke1 Qg1+ 31. Kd2 Qd4+ 32. Kc2 Qf2+ 33. Kb3 Qxf3+ 34. Ka4 Qa8+ 35. Qa5 Qc6+ 36. Kb3 Qe6+ 37. Ka4 Qc6+ 38. Kb3 Qe6+ 1/2-1/2

[Event "Teresina Nordeste Cup"]
[Site "Teresina"]
[Date "2022.07.24"]
[Round "5"]
[White "Rocha, Vitor Firmo de Souz"]
[Black "Monteiro, Luis Felipe Furtado"]
[Result "1/2-1/2"]
[WhiteElo "2172"]
[BlackElo "1975"]
[PlyCount "67"]
[EventDate "2022.07.22"]
[EventType "swiss"]
[EventRounds "6"]
[EventCountry "BRA"]
[SourceTitle "CBM 209 Extra"]
[Source "ChessBase"]
[SourceDate "2022.09.30"]
[SourceVersion "1"]
[SourceVersionDate "2022.09.30"]
[SourceQuality "1"]

1. e4 e5 2. Nf3 Nc6 3. Bb5 a6 4. Ba4 b5 5. Bb3 Bc5 6. 0-0 Nf6 7. c3 d6 8. d3 Bb6 9. Nbd2 0-0 10. Re1 Na5 11. Bc2 Ng4 12. Re2 f5 13. exf5 Bxf5 14. Ne4 d5 15. Ng3 e4 16. dxe4 dxe4 17. Nd4 Qh4 18. h3 Nxf2 19. Ngxf5 Rxf5 20. Qe1 Raf8 21. Nxf5 Rxf5 22. Be3 Nxh3+ 23. gxh3 Qxh3 24. Qf2 Rxf2 25. Bxf2 e3 26. Be1 Qg4+ 27. Rg2 e2+ 28. Bf2 Qe6 29. Re1 Nc4 30. Bb3 h5 31. Bxb6 cxb6 32. Kh1 Qh3+ 33. Kg1 Qe6 34. Rexe2 1/2-1/2

[Event "Piaui-ch sf1"]
[Site "Teresina"]
[Date "2022.04.10"]
[Round "4"]
[White "Monteiro, Luis Felipe Furtado"]
[Black "Amorim, Gidelson Ferreira"]
[Result "0-1"]
[WhiteElo "1976"]
[BlackElo "2108"]
[PlyCount "58"]
[EventDate "2022.04.08"]
[EventType "swiss"]
[EventRounds "5"]
[EventCountry "BRA"]
[SourceTitle "EXT 2023"]
[Source "ChessBase"]
[SourceDate "2022.10.05"]
[SourceVersion "1"]
[SourceVersionDate "2022.10.05"]
[SourceQuality "1"]

1. c4 Nf6 2. Nc3 c5 3. g3 e6 4. Nf3 Nc6 5. Bg2 Be7 6. d4 cxd4 7. Nxd4 0-0 8. Bf4 a6 9. 0-0 Qb6 10. Nb3 d5 11. cxd5 exd5 12. Nxd5 Nxd5 13. Qxd5 Be6 14. Qf3 Bf6 15. Be3 Qb5 16. Nc5 Qxb2 17. Rab1 Qxa2 18. Rxb7 Ne5 19. Qe4 Bc4 20. f4 Ng4 21. Nd7 Rfe8 22. Nxf6+ gxf6 23. Re7 Rxe7 24. Qxa8+ Kg7 25. Bc5 Qxe2 26. Bxe7 Qxe7 27. Qf3 Be2 28. Qe4 Qc5+ 29. Kh1 Bxf1 0-1

[Event "Piaui-ch sf1"]
[Site "Teresina"]
[Date "2022.04.09"]
[Round "2"]
[White "Monteiro, Luis Felipe Furtado"]
[Black "Campos, Claudio Braga"]
[Result "1-0"]
[WhiteElo "1976"]
[BlackElo "1839"]
[PlyCount "77"]
[EventDate "2022.04.08"]
[EventType "swiss"]
[EventRounds "5"]
[EventCountry "BRA"]
[SourceTitle "EXT 2023"]
[Source "ChessBase"]
[SourceDate "2022.10.05"]
[SourceVersion "1"]
[SourceVersionDate "2022.10.05"]
[SourceQuality "1"]

1. e4 e5 2. Nf3 d6 3. d4 exd4 4. Nxd4 Nf6 5. Nc3 Bd7 6. Bg5 Be7 7. Qd2 Nc6 8. 0-0-0 a6 9. f4 0-0 10. Nb3 Be6 11. h3 Bxb3 12. axb3 b5 13. g4 Rb8 14. Bg2 Qe8 15. e5 dxe5 16. Bxc6 Qxc6 17. fxe5 Rbd8 18. Qe2 Nd5 19. Bxe7 Nxe7 20. h4 b4 21. Ne4 Qb6 22. Kb1 a5 23. g5 Qc6 24. Nf6+ Kh8 25. Qh5 gxf6 26. gxf6 Ng6 27. Qh6 Rg8 28. Rxd8 Qxh1+ 29. Ka2 Nf8 30. Rxf8 Qg2 31. Rxf7 Qg6 32. Qxg6 Rxg6 33. Rf8+ Rg8 34. Rxg8+ Kxg8 35. e6 Kf8 36. Kb1 c5 37. Kc1 h5 38. Kd2 Ke8 39. Kd3 1-0

[Event "Piaui-ch sf1"]
[Site "Teresina"]
[Date "2022.04.08"]
[Round "1"]
[White "Fernandes Neto, Vitorino Orthiges"]
[Black "Monteiro, Luis Felipe Furtado"]
[Result "0-1"]
[WhiteElo "1401"]
[BlackElo "1976"]
[PlyCount "62"]
[EventDate "2022.04.08"]
[EventType "swiss"]
[EventRounds "5"]
[EventCountry "BRA"]
[SourceTitle "EXT 2023"]
[Source "ChessBase"]
[SourceDate "2022.10.05"]
[SourceVersion "1"]
[SourceVersionDate "2022.10.05"]
[SourceQuality "1"]

1. d4 Nf6 2. c4 g6 3. Nc3 Bg7 4. e4 d6 5. Nf3 0-0 6. Be2 e5 7. dxe5 dxe5 8. Qxd8 Rxd8 9. Bg5 Nbd7 10. Rd1 Rf8 11. 0-0 c6 12. Nd2 Nc5 13. b4 Ne6 14. Be3 a5 15. bxa5 Rxa5 16. Nb3 Ra3 17. Bf3 Nd4 18. Bxd4 exd4 19. Rxd4 Nd7 20. Rd3 Ne5 21. Re3 Nxc4 22. Rd3 Ne5 23. Re3 Bh6 24. Re2 Be6 25. Rb1 Bc4 26. Reb2 Nd3 27. Rc2 Nb4 28. Rcb2 Bg7 29. Nd2 Bxc3 30. Nxc4 Bxb2 31. Rxb2 Rxa2 0-1

[Event "Sao Luis Franklin Memorial 29th"]
[Site "Sao Luis"]
[Date "2022.01.16"]
[Round "5"]
[White "Barros, Benone Gabriel Carv"]
[Black "Monteiro, Luis Felipe Furtado"]
[Result "0-1"]
[WhiteElo "1812"]
[BlackElo "1946"]
[PlyCount "66"]
[EventDate "2022.01.14"]
[EventType "swiss"]
[EventRounds "5"]
[EventCountry "BRA"]
[SourceTitle "CBM 206 Extra"]
[Source "ChessBase"]
[SourceDate "2022.03.31"]
[SourceVersion "1"]
[SourceVersionDate "2022.03.31"]
[SourceQuality "1"]

1. e4 e5 2. Nf3 Nc6 3. Bb5 a6 4. Ba4 Nf6 5. 0-0 b5 6. Bb3 Bc5 7. d4 Bxd4 8. Nxd4 Nxd4 9. f4 d6 10. fxe5 dxe5 11. Qe1 Nxb3 12. axb3 Qd4+ 13. Be3 Qxe4 14. Nc3 Qc6 15. Qg3 0-0 16. Rae1 Bb7 17. Rf5 b4 18. Bh6 Ne8 19. Bxg7 Nxg7 20. Ne4 f6 21. Rh5 f5 22. Rg5 Rf7 23. Nd2 f4 24. Qg4 Qc5+ 25. Kh1 Qxc2 26. Nf3 Re8 27. Nxe5 Qxg2+ 28. Qxg2 Bxg2+ 29. Kxg2 Rfe7 30. Kf3 h6 31. Rg6 Rxe5 32. Reg1 Re3+ 33. Kxf4 R8e4# 0-1

[Event "Piaui-ch final"]
[Site "Teresina"]
[Date "2021.11.21"]
[Round "9"]
[White "Gomes, Rodrigo de Oliveira"]
[Black "Monteiro, Luis Felipe Furtado"]
[Result "1/2-1/2"]
[WhiteElo "1786"]
[BlackElo "1948"]
[PlyCount "28"]
[EventDate "2021.11.11"]
[EventType "tourn"]
[EventRounds "9"]
[EventCountry "BRA"]
[SourceTitle "EXT 2023"]
[Source "ChessBase"]
[SourceDate "2022.10.05"]
[SourceVersion "1"]
[SourceVersionDate "2022.10.05"]
[SourceQuality "1"]

1. c4 c5 2. Nf3 Nf6 3. g3 g6 4. Bg2 Bg7 5. 0-0 0-0 6. d4 cxd4 7. Nxd4 Nc6 8. Nc3 Nxd4 9. Qxd4 d6 10. Qd2 Rb8 11. b3 a6 12. Bb2 Qc7 13. Rfd1 Bd7 14. Rac1 Rfc8 1/2-1/2

[Event "Piaui-ch final"]
[Site "Teresina"]
[Date "2021.11.18"]
[Round "6"]
[White "Monteiro, Luis Felipe Furtado"]
[Black "Amorim, Gidelson Ferreira"]
[Result "1-0"]
[WhiteElo "1948"]
[BlackElo "2117"]
[PlyCount "57"]
[EventDate "2021.11.11"]
[EventType "tourn"]
[EventRounds "9"]
[EventCountry "BRA"]
[SourceTitle "EXT 2023"]
[Source "ChessBase"]
[SourceDate "2022.10.05"]
[SourceVersion "1"]
[SourceVersionDate "2022.10.05"]
[SourceQuality "1"]

1. d4 Nf6 2. Bg5 Ne4 3. Bf4 d5 4. e3 Bf5 5. f3 Nf6 6. c4 c6 7. Nc3 e6 8. g4 Bg6 9. h4 h6 10. Qd2 Bb4 11. a3 Qa5 12. Rc1 Be7 13. Kf2 Nbd7 14. c5 b5 15. Ra1 Qd8 16. Bg3 Kf8 17. Nxb5 cxb5 18. Bxb5 Nxc5 19. dxc5 Bxc5 20. Ne2 Qb6 21. Ba4 Qa6 22. Rhc1 Bb6 23. Bc6 Rd8 24. b4 Bd3 25. b5 Qa4 26. Qxd3 d4 27. exd4 Bxd4+ 28. Nxd4 Rxd4 29. Qc2 1-0

[Event "Piaui-ch final"]
[Site "Teresina"]
[Date "2021.11.13"]
[Round "3"]
[White "Monteiro, Luis Felipe Furtado"]
[Black "Neres Da Silva, Marcio"]
[Result "0-1"]
[WhiteElo "1948"]
[BlackElo "1831"]
[PlyCount "94"]
[EventDate "2021.11.11"]
[EventType "tourn"]
[EventRounds "9"]
[EventCountry "BRA"]
[SourceTitle "EXT 2023"]
[Source "ChessBase"]
[SourceDate "2022.10.05"]
[SourceVersion "1"]
[SourceVersionDate "2022.10.05"]
[SourceQuality "1"]

1. c4 Nf6 2. Nf3 g6 3. Nc3 c5 4. g3 Bg7 5. Bg2 Nc6 6. 0-0 0-0 7. d3 e6 8. Bg5 a6 9. Ne4 d6 10. Qd2 Rb8 11. Rab1 Re8 12. Rfd1 Nd4 13. b4 Qe7 14. bxc5 dxc5 15. Nxf6+ Bxf6 16. Bxf6 Qxf6 17. Rb6 Bd7 18. Nxd4 cxd4 19. Rdb1 Qe5 20. Bxb7 Qc7 21. Qb4 a5 22. Qd6 Rxb7 23. Qxd4 Reb8 24. c5 Bc6 25. e4 Rxb6 26. cxb6 Qb7 27. h4 Qa6 28. h5 gxh5 29. Kg2 Bb5 30. a4 Bxd3 31. Rh1 Qc4 32. Qxc4 Bxc4 33. Rxh5 Rxb6 34. Rxa5 Kg7 35. Rc5 Bd3 36. e5 Rb4 37. a5 Rd4 38. f4 Rd5 39. Rxd5 exd5 40. Kf3 d4 41. g4 Ba6 42. f5 d3 43. Ke3 h6 44. Kd2 Kf8 45. Ke3 Ke7 46. Kd2 Kd7 47. Ke3 Kc6 0-1

[Event "Teresina Piauiense-ch"]
[Site "Teresina"]
[Date "2019.10.13"]
[Round "3"]
[White "Lima Filho, Jose Pacifico"]
[Black "Monteiro, Luis Felipe Furtado"]
[Result "1/2-1/2"]
[WhiteElo "1763"]
[BlackElo "1968"]
[PlyCount "112"]
[EventDate "2019.10.11"]
[EventType "tourn"]
[EventRounds "9"]
[EventCountry "BRA"]
[SourceTitle "CBM 192 Extra"]
[Source "Chessbase"]
[SourceDate "2019.11.06"]
[SourceVersion "1"]
[SourceVersionDate "2019.11.06"]
[SourceQuality "1"]

1. d4 Nf6 2. Bf4 g6 3. Nf3 d6 4. h3 Bg7 5. e3 0-0 6. Be2 c5 7. c3 Nbd7 8. Bh2 Ne4 9. Nbd2 Ndf6 10. 0-0 a6 11. a4 Bf5 12. Nxe4 Bxe4 13. Nd2 Bc6 14. Bf3 Qc8 15. e4 b5 16. axb5 axb5 17. Qe2 cxd4 18. cxd4 Nd7 19. Nb3 Bb7 20. Rxa8 Bxa8 21. Qxb5 Bc6 22. Qd3 Qb8 23. Rc1 Ba4 24. Bd1 Qb6 25. e5 dxe5 26. Nc5 Nxc5 27. dxc5 Qxb2 28. Rb1 Qa2 29. Bxa4 Qxa4 30. Bg3 Bf6 31. Re1 Qb4 32. Rc1 Rc8 33. c6 Qd6 34. Qc4 Bg5 35. Rc3 Kg7 36. Qg4 Rxc6 37. Rxc6 Qxc6 38. Qxg5 f6 39. Qd2 h5 40. f3 Qe6 41. Qe3 Qc6 42. Be1 Qe6 43. Bd2 Qf7 44. Qc5 h4 45. Bb4 e6 46. Qe7 g5 47. Kf2 Kg6 48. Qxf7+ Kxf7 49. Ke3 Kg6 50. Ke4 Kf7 51. Ke3 Kg6 52. Kd3 Kf5 53. Be7 Kg6 54. Bd8 Kf5 55. Be7 Kg6 56. Ke4 Kf7 1/2-1/2

[Event "Teresina Piauiense-ch"]
[Site "Teresina"]
[Date "2019.10.12"]
[Round "2"]
[White "Monteiro, Luis Felipe Furtado"]
[Black "Leite, Italo Andre Medeiro"]
[Result "0-1"]
[WhiteElo "1968"]
[BlackElo "1916"]
[PlyCount "80"]
[EventDate "2019.10.11"]
[EventType "tourn"]
[EventRounds "9"]
[EventCountry "BRA"]
[SourceTitle "CBM 192 Extra"]
[Source "Chessbase"]
[SourceDate "2019.11.06"]
[SourceVersion "1"]
[SourceVersionDate "2019.11.06"]
[SourceQuality "1"]

1. d4 e6 2. c4 d5 3. Nf3 Nf6 4. Nc3 Bb4 5. Qc2 0-0 6. e3 c5 7. a3 Bxc3+ 8. bxc3 Nc6 9. Bd3 Bd7 10. 0-0 Rc8 11. Qe2 Na5 12. cxd5 c4 13. Bc2 exd5 14. Ne5 Bb5 15. Rb1 Ba6 16. f3 Nb3 17. Kh1 Re8 18. Qf2 g6 19. Bb2 Qe7 20. e4 b6 21. Rfe1 Bb7 22. exd5 Qc7 23. Bxb3 cxb3 24. c4 Nd7 25. Rbc1 Qd6 26. Qd2 b5 27. c5 Qxd5 28. Nxd7 Qxd7 29. d5 Bxd5 30. Qc3 f6 31. Qxf6 Re6 32. Qh8+ Kf7 33. Qxh7+ Ke8 34. Qg8+ Ke7 35. Qxg6 Rxc5 36. Rxe6+ Bxe6 37. Bf6+ Kd6 38. Rd1+ Rd5 39. Rc1 Bf5 40. Qg3+ Ke6 0-1